000 00414nam a2200181Ia 4500
001 13409
005 20260306164759.0
008 260306t2010||||xx |||||||||||||| ||spa||
041 _aESP
082 _a004
_bD18
100 _aDale, Nell
_eAUT
245 0 _aComputer Science Illuminated
260 _c2010
300 _a643 páginas :
_c23 cm.
650 _aGEN
654 _aCCC
942 _cLIB
_dJUS
_fJUS
_2ddc
_n
999 _c13409
_d13409